| 000 | 01474nam a2200445 c 4500 | ||
|---|---|---|---|
| 001 | 53831 | ||
| 003 | ES-MaCES | ||
| 005 | 20250731112754.0 | ||
| 008 | 250731s2025 sp 010 | spa d | ||
| 017 |
_aM 28258-2025 _bDL |
||
| 020 | _a9788410167377 | ||
| 040 |
_aES-MaCES _bspa _cES-MaCES |
||
| 100 | 1 |
_940213 _aGamarra Vílchez, Leopoldo |
|
| 245 | 1 | 0 |
_aDel estado de necesidad al Estado de Bienestar _b: el derecho a la Seguridad Social mínima _cLeopoldo Gamarra Vílchez |
| 250 | _a1ª ed | ||
| 260 |
_aMadrid _bCinca _c2025 |
||
| 300 |
_a286 p. _c24 cm |
||
| 490 | 0 |
_aColección estudios laborales _v48 |
|
| 504 | _aBibliografía: p. 275-286 | ||
| 541 | _cCompra | ||
| 650 | 4 |
_aEstado-Benefactor _929481 |
|
| 650 | 4 |
_aseguridad social _927034 |
|
| 650 | 4 |
_aprotección social _929076 |
|
| 650 | 4 |
_aseguro social _930150 |
|
| 650 | 4 |
_aprivatización _929788 |
|
| 650 | 4 |
_alegislación de seguridad social _929855 |
|
| 650 | 4 |
_areforma de la seguridad social _930668 |
|
| 650 | 4 |
_aConvenio de la OIT _929026 |
|
| 650 | 4 |
_aderecho internacional _926684 |
|
| 650 | 4 |
_aderechos económicos y sociales _929875 |
|
| 650 | 4 |
_aPerú _926892 |
|
| 650 | 4 |
_acampo de aplicación _930263 |
|
| 650 | 4 |
_aAmérica Latina _926882 |
|
| 650 | 4 |
_aEspaña _926964 |
|
| 650 | 4 |
_aestudio de casos _928846 |
|
| 653 | 1 | 0 | _aSeguridad Social |
| 830 | 0 |
_aColección Estudios laborales (Ediciones Cinca) _934069 _v48 |
|
| 902 | _aLIB Libro | ||
| 942 |
_2CES _cBK _h3.0. |
||
| 999 |
_c53831 _d53831 |
||